000 00478nam a2200217Ia 4500
003 IT-RoPAU
008 120407s9999 xx 000 0 und d
040 _aIT-RoPAU
040 _cIT-RoPAU
041 _aita
100 _aGiosuè Borsi
245 _aLe cose migliori di Giosuè Borsi. A cura di Gennaro Auletta.
250 _aRoma
260 _aEdizioni Paoline
260 _c1959
300 _c cm
490 _aDds
490 _v24
942 _cBK
999 _c15466
_d15466